đŸŽ¶ Paroles "Champagne" Jacques Higelin - Statistiques

Statistiques générales
  • Ce quiz a Ă©tĂ© pris 80 fois
  • Le rĂ©sultat moyen est 218 sur 350
Statistiques - réponses
Mots % Correct
Ă 
96%
A
96%
a
96%
d'
96%
de
93%
De
93%
et
93%
Et
93%
L'
93%
La
93%
la
93%
le
93%
Le
93%
les
93%
Les
93%
Lucifer
93%
m'
93%
Me
93%
me
93%
Champagne
89%
en
89%
En
89%
ma
89%
S'
89%
un
89%
une
89%
Une
89%
des
86%
il
86%
Mes
86%
mes
86%
qu'
86%
Qu'
86%
Que
86%
"Que
86%
du
82%
"J'
82%
mon
82%
sa
82%
se
82%
au
79%
Car
79%
ce
79%
ĂȘtre
79%
personne
79%
Qui
79%
qui
79%
ses
79%
belle
75%
dans
75%
Dans
75%
je
75%
nuit
75%
sans
75%
sont
75%
vous,
75%
"Vous
75%
vous
75%
ces
71%
Diable
71%
Elle
71%
eux-
71%
Fait
71%
lui
71%
lune
71%
ne
71%
nous
71%
promet
71%
rousse
71%
si
71%
aux
68%
ciel
68%
mĂȘmes"
68%
on
68%
par
68%
Tout
68%
voir
68%
air
64%
ApparaĂźt
64%
fond
64%
Mais
64%
moi
64%
venus
64%
voici
64%
Voici
64%
vos
64%
ail
61%
apparition
61%
bien
61%
Bon
61%
courte
61%
Diables
61%
Dieu
61%
dit
61%
ils
61%
jamais
61%
Quelques
61%
squelettes
61%
suaire
61%
trousses
61%
ami
57%
avoir
57%
commun
57%
cravate
57%
Croit
57%
fantĂŽmes
57%
marécages
57%
marre
57%
mortels
57%
soir
57%
Comme
54%
corrompus
54%
douter
54%
frousse
54%
gousses
54%
leur
54%
message :
54%
portail
54%
sainte
54%
sarcophage
54%
ton
54%
trahi
54%
volage
54%
vulgaire
54%
accompagne,
50%
amis
50%
cimetiĂšre
50%
Devant
50%
devant
50%
Dieux
50%
écarlates
50%
entendu
50%
fais
50%
malentendus
50%
noires
50%
part
50%
pendus
50%
peu
50%
Saisi
50%
Tenue
50%
vipĂšres
50%
attablés
46%
attendus
46%
bout
46%
concert
46%
confession
46%
Courrez
46%
crier
46%
damnés
46%
donnerait
46%
farfadets
46%
gare
46%
idées
46%
jurons
46%
Laissez
46%
nécrophages
46%
obligatoire"
46%
ont
46%
oubliettes
46%
Ouvrez
46%
page
46%
PrĂšs
46%
pu
46%
queue
46%
reçu
46%
remercie
46%
sommes
46%
tant
46%
trois
46%
Valet
46%
vomit
46%
yeux
46%
bond
43%
ceux
43%
crucifix
43%
Décrochez-
43%
déshonorent
43%
Deux,
43%
dodue
43%
Esprits,
43%
Fassent
43%
folie
43%
grands
43%
Ɠil
43%
pathétique
43%
pervers
43%
Prévenez
43%
remarquer
43%
remarquer"
43%
retard
43%
soigne
43%
tellement
43%
volontiers
43%
auriez
39%
"Cauchemars,
39%
chevauchant
39%
chimĂšres
39%
Cyniques
39%
feux-
39%
flotter
39%
follets
39%
guérit,
39%
laissait,
39%
manoir
39%
muse
39%
obscĂšnes
39%
problĂšmes
39%
raser"
39%
suprĂȘme
39%
Vampires
39%
accablé
36%
blanchit
36%
bossu
36%
chercher
36%
Dédain
36%
Disant
36%
griefs
36%
licorne
36%
lugubre
36%
Lutins,
36%
maléfiques
36%
malicieux
36%
mélancolie
36%
nos
36%
Soudain
36%
Walkyries
36%
arbres
32%
carnassiers
32%
Cocher
32%
déjà
32%
dressait
32%
Elfes,
32%
frénésie
32%
frissonnent
32%
hagard
32%
insatiables
32%
LĂąchez
32%
lance
32%
lubriques
32%
lucioles,
32%
sorciĂšres
32%
Vestales
32%
Courir
29%
couronne
29%
Déposez-
29%
effraient
29%
ÉgĂ©ries
29%
élus
29%
faunes
29%
Gorgones
29%
peine
29%
appétits
25%
bacchanale
25%
éblouis
25%
envahies
25%
fiĂšres
25%
Ăąmes
21%
boucs
21%
charment
21%
émissaires
21%
Infernales
21%
émues,
18%
Gargouilles
18%
joufflus,
18%
Satyres
14%
Aucun quiz correspondant
Distribution des résultats
% des personnes avec chaque résultat
Percentile par nombre de réponses
Votre historique - résultats
Vous n’avez pas pris ce quiz